| 000 | 00797nam a2200217 a 4500 | ||
|---|---|---|---|
| 001 | 49305 | ||
| 003 | BD-RjUL | ||
| 005 | 20211209054649.0 | ||
| 008 | 160820b1969 ||||| |||| 00| 0 ben d | ||
| 035 | _a(BD-RjUL)49424 | ||
| 040 |
_aBD-RjUL _bben _cBD-RjUL |
||
| 041 | _aben | ||
| 082 |
_223 _a891.44408 _bDAS 1969 |
||
| 100 | 1 | 0 |
_aদাশগুপ্ত, অলোকরঞ্জন _9127212 |
| 245 | 1 | 0 |
_aশিল্পিত স্বভাব / _cঅলোকরঞ্জন দাশগুপ্ত |
| 260 |
_aকলিকাতা : _bবিধান সরনী, _c১৯৬৯ |
||
| 300 |
_a১৭৮ পৃ. ; _c২১ সেমি. |
||
| 650 |
_aবাংলা প্রবন্ধ _xসংগ্রহ _9126212 |
||
| 650 |
_aBengali essay _xCollection _9148102 |
||
| 942 |
_2ddc _cBK |
||
| 999 |
_c49305 _d49305 |
||